Logo Biblioteca

El otoño del patriarca / (Registro nro. 1008)

Detalles MARC
000 -LEADER
fixed length control field 01453nam a22002417a 4500
003 - CONTROL NUMBER IDENTIFIER
control field AR-RoUNCS
005 - DATE AND TIME OF LATEST TRANSACTION
control field 20260511150004.0
007 - PHYSICAL DESCRIPTION FIXED FIELD--GENERAL INFORMATION
fixed length control field ta
008 - FIXED-LENGTH DATA ELEMENTS--GENERAL INFORMATION
fixed length control field 260511s1980 sp |||||r|||| 00| 1 spa d
020 ## - INTERNATIONAL STANDARD BOOK NUMBER
International Standard Book Number 8402067050
040 ## - CATALOGING SOURCE
Original cataloging agency AR-RoUNCS
Language of cataloging spa
Transcribing agency AR-RoUNCS
041 ## - LANGUAGE CODE
Language code of text/sound track or separate title spa
100 1# - MAIN ENTRY--PERSONAL NAME
Personal name García Márquez, Gabriel,
Dates associated with a name 1927-2014
Relator term autor
245 13 - TITLE STATEMENT
Title El otoño del patriarca /
Statement of responsibility, etc. Gabriel García Márquez.
250 ## - EDITION STATEMENT
Edition statement 1a ed.
260 ## - PUBLICATION, DISTRIBUTION, ETC.
Place of publication, distribution, etc. Barcelona :
Name of publisher, distributor, etc. Bruguera,
Date of publication, distribution, etc. 1980.
300 ## - PHYSICAL DESCRIPTION
Extent 344 p. ;
Dimensions 18 cm.
490 0# - SERIES STATEMENT
Series statement Colección de Literatura Universal Bruguera ;
Volume/sequential designation 3
520 ## - SUMMARY, ETC.
Summary, etc. García Márquez construyó en El otoño del patriarca una maquinaria narrativa perfecta que desgrana una historia universal -la agonía y muerte de un dictador- en forma cíclica, experimental y real al mismo tiempo, en seis bloques narrativos sin diálogos, sin puntos y aparte, repitiendo una anécdota siempre igual y siempre distinta, acumulando hechos y descripciones deslumbrantes.<br/>Novela escrita en Barcelona entre 1968 y 1975, El otoño del patriarca deja asomar en su trasfondo el acontecimiento más importante de la historia española de aquellos años, la muerte del general Franco, aunque su contexto y estilo sean, como siempre con García Márquez, el de la asombrosa realidad latinoamericana, que el autor ha elevado una vez más a la dignidad del mito.
650 #7 - SUBJECT ADDED ENTRY--TOPICAL TERM
Source of heading or term embne
Topical term or geographic name entry element Literatura colombiana
655 #7 - INDEX TERM--GENRE/FORM
Source of term embne
Genre/form data or focus term Novelas
942 ## - ADDED ENTRY ELEMENTS (KOHA)
Source of classification or shelving scheme Universal Decimal Classification
Koha item type Obra General
Suppress in OPAC No
Existencias
Withdrawn status Lost status Source of classification or shelving scheme Damaged status Not for loan Collection Home library Current library Date acquired Total checkouts Full call number Barcode Date last seen Price effective from Koha item type
    Universal Decimal Classification     Colección General Biblioteca Escuela de Ciencias Sociales Biblioteca Escuela de Ciencias Sociales 11/05/2026   82-31(862) G216 000631 11/05/2026 11/05/2026 Obra General
Biblioteca de la Escuela Preuniversitaria en Ciencias Sociales y Humanísticas.
Riobamba 250 bis.
CP 2000 - Rosario - Santa Fe
E-Mail: biblioteca@esociales.unr.edu.ar